[Event "World Cup"]
[Site "Khanty-Mansiysk"]
[Date "2007.11.27"]
[Round "2.1"]
[White "Zhao, Jun"]
[Black "Nisipeanu, Liviu Dieter"]
[Result "1/2-1/2"]
[WhiteElo "2552"]
[BlackElo "2668"]
[Annotator "Nisipeanu,LD"]
[PlyCount "86"]
[EventDate "2007.11.24"]
[EventType "k.o."]
[EventRounds "7"]
[EventCountry "RUS"]
[SourceTitle "CBM 122"]
[Source "ChessBase"]
[SourceDate "2008.01.30"]
[SourceVersion "1"]
[SourceVersionDate "2008.01.30"]
[SourceQuality "1"]

{This was the first game of the match and since Zhao Jun eliminated
Harikrishna in a well played tie-break a round before, I was looking to put
pressure on my young opponent from the start of our match. Dies war die erste
Partie des Matches, und da Zhao Jun eine Runde zuvor in einem gut geführten
Stichkampf Harikrishna ausgeschaltet hatte, wollte ich meinen jungen Gegner
von Anbeginn unseres Wettkampfs unter Druck setzen.} 1. d4 Nf6 2. c4 e6 3. Nc3
Bb4 4. Nf3 b6 5. Bg5 Bb7 6. Nd2 h6 7. Bh4 Bxc3 ({Alltought I was prepared for
this line, here I decided to deviate from the planned Obwohl ich auf dieses
Abspiel vorbereitet war, beschloss ich an dieser Stelle, von dem geplanten} 
7... c5 {because the positions arising after abzuweichen, da die nach} 8. d5 {
are quite dangerous for Black and judging by my opponent's reactions he was
well prepared here. entstehenden Stellungen für Schwarz ziemlich gefährlich
sind, und den Reaktionen meines Gegners nach zu urteilen war er hier gut
gewappnet.}) 8. bxc3 d6 9. f3 Nbd7 10. e3 (10. e4 Nf8 11. Bf2 Ng6 12. g3 {
is an worthy alternative to the game continuation. ist eine bemerkenswerte
Alternative zur Partiefortsetzung.}) 10... Qe7 11. Bd3 e5 12. e4 {It seems as
if White lost a tempo by playing e2-e3-e4, but the black queen on e7 is more
vulnerable than on d8. White will try to prove this by bringing the knght to
f5 or d5. Es scheint, als habe Weiß mit e2-e3-e4 ein Tempo verloren, aber die
schwarze Dame steht auf e7 anfälliger als auf d8. Weiß wird versuchen, dies zu
beweisen, indem er den Springer nach f5 oder d5 bringt.} Nf8 13. Nf1 Ng6 14.
Bf2 Nf4 15. Ne3 Nxd3+ ({I was afraid that after Ich befürchtete, dass es mir
nach} 15... O-O 16. Bf1 {followed by ...g3, I will find it hard to justify my
knight route to f4. nebst ...g3 schwer fallen würde, meine Springerroute nach
f4 zu rechtfertigen.}) 16. Qxd3 Nh5 17. g3 O-O 18. O-O Rae8 $5 ({An ambitious
move, but the more cautious Ein ehrgeiziger Zug, aber das vorsichtigere} 18...
Bc8 {which was my choice against Bacrot in 2004 is also ok. , was ich 2004
gegen Bacrot wählte, ist auch okay.}) 19. a4 $1 {A good move, underlining the
flaw of Rae8. Ein guter Zug, der den Nachteil von Rae8 unterstreicht.} Qg5 {
I used quite some time to play this natural move, as the play becomes very
sharp now. Für diesen natürlichen Zug brauchte ich einige Bedenkzeit, da sich
das Spiel jetzt sehr verschärft.} 20. h4 $1 ({It is too early for Für} 20. a5
$6 {because Black opens the center with ist es zu früh, denn Schwarz öffnet
das Zentrum mit} exd4 $1 21. cxd4 f5 $1 {and gets the initiative. und erhält
die Initiative.}) (20. Qc2 $6 f5 $1 21. Nxf5 Rxf5 22. exf5 Bxf3 {is at least
very dangerous for White. ist zumindest sehr gefährlich für Weiß.}) 20... Qg6
21. Kh2 (21. Nf5 Bc8 22. a5 exd4 23. cxd4 d5 24. cxd5 Bxf5 25. exf5 Qd6 {
leads to an unclear position. führt zu einer unklaren Stellung.}) 21... exd4 $5
{A very commital decision, one that obliges Black to continue very
aggressively, because now White holds all the positional trumps. Eine sehr
verpflichtende Entscheidung, nach der Schwarz sehr aggressiv weiterspielen
muss, denn jetzt hat Weiß alle positionellen Trümpfe in der Hand.} (21... a5 {
was safer, but also boring! war sicherer, aber auch langweilig!}) 22. cxd4 Bxe4
$5 {Objectively not the best, but with the imminent timetrouble approaching 
(FIDE time control) it was at least a playable decision. Objektiv nicht am
besten, aber bei herannahender Zeitnot (FIDE-Bedenkzeit) war es zumindest eine
vertretbare Entscheidung.} (22... Nf6 23. a5 Nxe4 24. fxe4 Bxe4 25. Qc3 f5 {
was another way to destroy the white pawn center, but I am not sure that this
is really better then the move I chose. war eine weitere Möglichkeit, das
weiße Bauernzentrum zu zerschlagen, aber ich bin nicht sicher, ob dies
wirklich besser ist als der von mir gewählte Zug.}) (22... a5 {seems to be the
best, but after opening the center, it is just impossible to play such a move.
scheint am besten zu sein, aber nach der Öffnung des Zentrums ist es einfach
unmöglich, einen solchen Zug zu spielen.}) 23. fxe4 Rxe4 24. Rad1 (24. Ra3 Rfe8
25. Nd5 c6 26. Nb4 f5 27. Nxc6 Nf6 {is, at least in my oppinion, unclear. ist,
zumindest in meinen Augen, unklar.}) 24... f5 (24... c6 $1 {is Fritz's
suggestion and a better way to continue, alltough for us humans, it is
virtually impossible to make such a move after a piece sacrifice. ist Fritz'
Vorschlag und eine bessere Fortsetzung, obwohl es für uns Menschen nach einem
Figurenopfer praktisch unmöglich ist, einen solchen Zug zu machen.} 25. Ng2 f5
26. Rfe1 Nf6 27. Qf3 $14) 25. Nd5 $1 Qf7 {This is not ideal, but I could not
find a convenient way to defend against Qxe4. Das ist nicht ideal, aber ich
konnte keine bequeme Verteidigung gegen Qxe4 finden.} 26. Qf3 c6 27. Ne3 ({
Only an engine could play something like Nur eine Engine könnte etwas spielen
wie} 27. Nc3 Rg4 28. Qxc6 f4 29. Nd5 (29. Qd5 fxg3+ 30. Bxg3 Qxd5 31. Nxd5 Rxf1
32. Rxf1 Rxg3 33. Rf5 Rg4 34. Rxh5 Rxd4 {is probably a draw. ist vermutlich
remis.}) 29... Kh7 30. gxf4 Qf5 31. Rg1 Nxf4 32. Rxg4 Qxg4 33. Nxf4 Qxd1 (33...
Rxf4 $2 34. Bg3 d5 $1 35. Rg1 $1 (35. Qxd5 Rf5 36. Qh1 Qe2+ 37. Kh3 g5 38. hxg5
Rxg5 39. Qb7+ Rg7 40. Qc8 Qxd1 41. Qf5+ $11) (35. Rd2 Rf3 36. Qd6 (36. Rg2 Rxg3
37. Rxg3 Qxh4+ 38. Kg2 Qe4+ 39. Rf3 Qe2+ 40. Rf2 Qg4+ $11) 36... dxc4 $14)
35... Rxd4 36. cxd5 Rd2+ 37. Rg2 Rxg2+ 38. Kxg2 Qe4+ 39. Kh2 Qe2+ 40. Kg1 Qd1+
41. Kg2 Qe2+ 42. Bf2 Qg4+ 43. Kh2 $18) 34. Qe4+ Kg8 $14) 27... Qg6 28. Ng2 (28.
Rg1 Nf6 29. Rde1 Rxd4 30. Nd5 Qg4 31. Nxf6+ Rxf6 32. Qxc6 Rxc4 33. Re8+ Kh7 34.
Qa8 Re4 $132 {is another computer line which I did not consider during the
game. ist ein weiteres Computerabspiel, das ich während der Partie nicht
Erwägung zog.}) 28... f4 29. gxf4 Nxf4 30. Bg3 Ne6 31. Qd3 $6 (31. h5 $1 Qh7
32. Qa3 $1 (32. Qd3 Rf5 $1 $13) 32... Rf5 33. Qxd6 Rxh5+ 34. Kg1 Qg6 35. d5 $16
{would have refuted Black's bold play. hätte das kühne schwarze Spiel
widerlegt.}) 31... Rxf1 32. Qxf1 Nxd4 $15 {But now Black is holding the
initiative and my opponent was visibly upset by this. Nun aber hält Schwarz
die Initiative fest in der Hand, und meinem Gegner machte dies sichtbar zu
schaffen.} 33. Qd3 $138 c5 $1 $138 ({After the natural Nach dem natürlichen} 
33... Qf5 {I was afraid of befürchtete ich} 34. Qxd4 (34. Ne3 $1 Qf3 35. Ng2 $1
$11 {is the correct defence. ist die korrekte Verteidigung.}) 34... Rxd4 35.
Rxd4 {but after , doch nach} Qc2 36. Rxd6 Qxa4 $17 {the a-pawn is very fast.
ist der a-Bauer sehr schnell.}) 34. Nf4 Qf5 35. Qf1 Qg4 36. Rd3 Nf5 $6 (36...
h5 $1 $17 {would have posed more problems for White. hätte Weiß mehr Probleme
bereitet.}) 37. Qf3 $1 Qxf3 38. Rxf3 Rxc4 $6 (38... Nxg3 39. Kxg3 g5 {would
have given me some winning chances, but there was simply no time on the clock
for such 'details'. hätte mir einige Gewinnchancen verschafft, aber auf der
Uhr war einfach keine Zeit für solche 'Details'.}) 39. Ne6 $2 {I feel obliged
to mention the FIDE time control once more... Ich fühle mich verpflichtet,
noch einmal die FIDE-Bedenkzeit zu erwähnen...} (39. Ng6 Nxg3 40. Kxg3 h5 41.
Ne7+ Kh7 42. Rf5 Rg4+ 43. Kh3 Kh6 44. Ng8+ $11) 39... Nxg3 40. Kxg3 Rxa4 $2 (
40... Re4 41. Rf8+ Kh7 42. Re8 Kg6 $17) 41. h5 $11 Re4 42. Rf8+ Kh7 43. Nf4 Re5
1/2-1/2

[Event "Olympiad-31"]
[Site "Moscow"]
[Date "1994.12.03"]
[Round "3.4"]
[White "Rogozenco, Dorian"]
[Black "Kindermann, Stefan"]
[Result "1-0"]
[WhiteElo "2405"]
[BlackElo "2560"]
[Annotator "Notkin,M"]
[PlyCount "61"]
[EventDate "1994.12.01"]
[EventType "team-swiss"]
[EventRounds "14"]
[EventCountry "RUS"]
[SourceTitle "CBM 045"]
[Source "ChessBase"]
[SourceDate "1995.04.01"]
[SourceVersion "1"]
[SourceVersionDate "1995.04.01"]
[SourceQuality "1"]
[WhiteTeam "Moldova"]
[BlackTeam "Germany"]
[WhiteTeamCountry "MDA"]
[BlackTeamCountry "GER"]

1. d4 Nf6 2. c4 e6 3. Nc3 Bb4 4. Nf3 b6 5. Bg5 Bb7 6. e3 h6 7. Bh4 Bxc3+ 8.
bxc3 d6 9. Nd2 g5 10. Bg3 Qe7 11. h4 Rg8 12. hxg5 hxg5 13. Rh6 Kf8 (13... Nbd7
14. Qa4 a5 $6 (14... Kf8 15. f3 a6 16. e4 Kg7 17. Rh1 Rh8 18. Rg1 Rh6 $13 {
Kasparov,G-Zarnicki,P/Buenos Aires/1992/0,5/36/}) 15. c5 $1 dxc5 16. Bxc7 Nd5
17. Ne4 $16 {Beliavsky,A-Gulko,B/ITA/1991/0,5/54/}) 14. Be2 Kg7 (14... Bxg2 $2
15. Bf3) 15. Rh1 Nc6 (15... Bxg2 16. Rg1 Bb7 17. Bh4 $16) 16. Qc2 Rh8 17. O-O-O
Rxh1 18. Rxh1 Rh8 19. Rxh8 Kxh8 20. Kb2 Na5 21. f3 c5 22. Qd1 Kg8 $2 (22... Kg7
$10) 23. Qh1 Bc8 (23... Kg7 24. Qh2 Ne8 25. Bd3 f5 26. Qh5 $16) 24. Qh6 Nh7 $2
(24... Ne8 25. Bd3 f5 26. Qg6+ Kf8 27. Bh2 $16 g4) 25. Bd3 f5 26. Qg6+ Kh8 (
26... Kf8 27. Bxf5) 27. Bxf5 $1 $18 Nb7 (27... exf5 28. Bxd6 {/\BeR+-/}) 28.
Ne4 Nf8 (28... exf5 29. Nxd6 $18) 29. Qh6+ Kg8 30. Bg4 Nh7 31. Qg6+ (31. Qg6+
Kh8 32. Nxd6) (31. Qg6+ Kf8 32. Nxd6 $18) 1-0

[Event "Csopak Rieszling-Cup"]
[Site "Csopak"]
[Date "1987.05.??"]
[Round "?"]
[White "Paehtz, Thomas Sr"]
[Black "Enders, Peter"]
[Result "1-0"]
[WhiteElo "2415"]
[BlackElo "2395"]
[Annotator "Paehtz,T"]
[PlyCount "51"]
[EventDate "1987.05.03"]
[EventType "swiss"]
[EventRounds "11"]
[EventCountry "HUN"]
[SourceTitle "EXT 2017"]
[Source "ChessBase"]
[SourceDate "2016.10.25"]
[SourceVersion "1"]
[SourceVersionDate "2016.10.25"]
[SourceQuality "1"]

{SCHACH 8/1987 Seite 17} 1. d4 Nf6 2. c4 e6 3. Nf3 b6 4. Nc3 Bb4 5. Bg5 Bb7 6.
e3 h6 7. Bh4 g5 8. Bg3 Ne4 9. Qc2 ({Auch das Bauernopfer} 9. Nd2 Nxc3 10. bxc3
Bxc3 11. Rc1 Bb4 12. h4 {bietet Weiß gute Chancen.}) 9... f5 10. Bd3 Bxc3+ 11.
bxc3 d6 12. d5 $1 exd5 ({Neuerdings bevorzugt man} 12... Nc5 {was zu einigen
spektakulären Partien führte.}) 13. cxd5 Bxd5 14. Nd4 Qf6 15. Nxf5 $5 ({
Üblich an dieser Stelle} 15. f3 Nxg3 16. hxg3 Nd7 17. Bxf5 O-O-O 18. Qa4 a5 19.
Kf2 Bb7 20. g4 $1 {Tal,M-Vaganian,R/URS-ch Leningrad 1974}) 15... Qxf5 $6 ({
Barcza zog vielleicht besser} 15... Nc5) ({Spielbar ist auch} 15... Nxg3 16.
fxg3 Bxg2 $5 17. Rg1 (17. Qxg2 $4 Qxc3+ 18. Ke2 ({oder} 18. Kf2 Qxd3 19. Qxa8
O-O $1) 18... Qb2+ 19. Kf3 g4+) 17... Bb7 18. Rf1) 16. f3 Bb7 ({Falls} 16...
Qe6 {so} 17. fxe4 Bc4 18. Qa4+ b5 19. Bxc4 Qxc4 20. Qxc4 bxc4 21. e5 {mit
großem weißen Vorteil.}) 17. fxe4 Qc5 {Darauf hatte sich Peter Enders
verlassen.} 18. e5 $3 {[#]Sonst folgt Nd7 nebst Ne5 mit Blockade.} Nc6 (18...
Qxe3+ $2 19. Kd1 O-O 20. Re1 Qc5 21. e6 Nc6 22. Bg6 {und Schwarz ist verloren.}
) 19. Bg6+ Kd8 20. exd6 $1 ({Schwächer} 20. O-O-O Nxe5 {und er speilt noch mit.
}) 20... Qxe3+ {Nun doch.} (20... cxd6 21. Bxd6 $1 {ähnlich wie in der Partie})
21. Kd1 {Kurios die beiderseitige Königsstellung.} cxd6 22. Bxd6 $1 {Der K.o.
Es droht einfach 23.Re1 mit Damengewinn.} Nd4 $6 {Verzweiflung.} ({Auf} 22...
Qe6 {folgt} 23. Qd3 {mit Gewinn}) 23. cxd4 Qxd4+ 24. Qd2 Qxa1+ 25. Ke2 Re8+ {
Ein letztes Racheschach ...} 26. Be5+ {... und Gegenschach} 1-0

[Event "FRA-chT Top 16 GpA"]
[Site "France"]
[Date "2008.04.11"]
[Round "5"]
[White "Bartel, Mateusz"]
[Black "Pelletier, Yannick"]
[Result "1/2-1/2"]
[WhiteElo "2588"]
[BlackElo "2607"]
[Annotator "Pelletier,Y"]
[PlyCount "74"]
[EventDate "2008.03.22"]
[EventType "team"]
[EventRounds "7"]
[EventCountry "FRA"]
[SourceTitle "CBM 123 Extra"]
[Source "ChessBase"]
[SourceDate "2008.05.06"]
[SourceVersion "1"]
[SourceVersionDate "2008.05.06"]
[SourceQuality "1"]

1. d4 Nf6 2. c4 e6 3. Nc3 Bb4 4. Nf3 b6 5. Bg5 h6 6. Bh4 Bb7 7. Nd2 c5 8. d5
Qe7 9. Bxf6 ({Dieser Zug sieht nicht besonders logisch aus, schlecht ist er
aber nicht. Nur} 9. Qc2 {wurde bis jetzt an dieser Stelle gespielt.}) 9... Qxf6
10. Qb3 Bxc3 11. bxc3 O-O 12. e4 (12. g3 {sollte besser sein, wobei die
Chancen nach} d6 13. Bg2 Na6 14. O-O Qe7 {verteilt sind}) 12... Qg6 ({
Ehrgeiziger als} 12... d6 13. Be2 e5 14. O-O Nd7 $11 {, denn Schwarz zwingt
seinen Gegner zu einer wichtigen Entscheidung.}) 13. Bd3 $6 {Dieses Baueropfer
sieht kaum korrekt aus. Aber bei normalen Zügen, musste Weiss immer mit f5
rechnen.} Qxg2 14. O-O-O d6 ({Nach der weiteren Fresserei} 14... Qxf2 {
befürchtete ich} 15. Rdf1 Qh4 16. e5 {, aber Schwarz sollte mittels} Qh5 17.
Nf3 d6 {den gegnerischen Angriff abwehren können.}) 15. f4 $5 {Bevor er die
Aufstellung seiner Türme bestimmt, spielt Weiss einen nützlichen Zug.} Nd7 ({
Ich nahm von} 15... Qh3 16. Bb1 Nd7 {Abstand, weil ich der Bildung der Batterie
} 17. Qc2 {nicht provozieren wollte. Aber die weisse Organisation sieht jetzt
gekünstelt aus, wobei Schwarz nach} exd5 18. cxd5 Rfd8 {besser stehen sollte.})
16. Rdf1 Qh3 17. Rf3 Qh4 18. Rg1 Kh8 ({Schwarz sollte meines Erachtens das
Zentrum mittels} 18... e5 19. f5 {nicht zu machen. Der weisse Druck am
Königsflügel könnte sich dann leichter entfalten, während der Nachziehende
kaum Gegenspiel haben würde.}) 19. Qd1 b5 $5 20. Qf1 (20. cxb5 exd5 21. exd5
Bxd5 22. Rfg3 Rg8) 20... bxc4 $6 ({Besser und auch vorteilhaft war hier} 20...
exd5 {, denn nun kann der weisse Springer schnell aktiv werden.}) 21. Qg2 Rg8 (
{Der Computer bevorzugt klar} 21... g6 {An einer solchen Schwächung verlor ich
natürlich keine Gedanken...}) 22. Nxc4 $1 (22. dxe6 fxe6 23. Nxc4 Qe7 24. Rh3
Raf8 25. Qg5 Qf6 $1 {ist unklar}) 22... Qe7 23. Rg3 ({Die Ressource} 23. Qg5 $1
{wurde von beiden Kontrahenten nicht betrachtet! Nach} Qxg5 24. fxg5 exd5 25.
Nxd6 Ne5 26. Rh3 {hat Weiss lästige Drohungen aufgestellt.}) 23... Qf6 24. Kc2
$2 ({Nach diesem Fehler kehrt der Vorteil zum Nachziehenden zurück. Richtig war
} 24. dxe6 fxe6 25. Kd1 d5 26. e5 dxc4 27. exf6 Bxg2 28. fxg7+ Rxg7 29. Rxg7
Kxg7 30. Rxg2+ {gefolgt von Bxc4 mit ungefährem Ausgleich.}) 24... exd5 25.
exd5 Nb6 $6 ({Unter Zeitdruck griff ich fehl und übersah die weisse Antwort.
Zur Verfügung standen zwei vorteilhafte Fortsetzungen:} 25... Rae8 26. Nd2 c4
$1 $40) ({und} 25... Ba6 26. Qe4 g6 27. Rh3 Kg7 28. Rhg3 Bxc4 29. Rxg6+ fxg6
30. Rxg6+ Kh8 $1 31. Rxf6 (31. Rxg8+ Kxg8 $19) 31... Bxd3+ 32. Kxd3 Nxf6 33.
Qe7 Rgf8 34. c4 Rad8 $17 {/-+}) 26. Nxd6 Nxd5 $6 ({Zum Vorteil reichte noch} 
26... Bxd5 27. Ne4 Bxe4 28. Qxe4 g6 {aus}) 27. Nxb7 Qxc3+ 28. Kb1 Qb4+ (28...
Qd4 $1 $36 {hätte Weiss vor einer schwierigeren Aufgabe gestellt.}) 29. Kc1 (
29. Qb2 $2 Qxb2+ 30. Kxb2 Rab8 31. Ba6 Nc7 $19) 29... Nxf4 $6 (29... Qxb7 $4 {
verliert wegen} 30. Rxg7) ({Schwarz müsste sich hier wohl mit der
Zugwiederholung} 29... Qa3+ 30. Kb1 Qb4+ 31. Kc1 {zufrieden geben}) 30. Qb2 (
30. Nd6 $5 $40 {sah ich zu spät aus, und wäre in Zeitnot sehr unangenehm
gewesen! Nach dem Textzug muss Schwarz aber immer noch aufpassen.}) 30... Nxd3+
(30... Qxb2+ 31. Kxb2 Rab8 32. Ba6 c4 33. Rd1 Rgc8 34. Rd7 $14) 31. Rxd3 Qe4 (
31... Rae8 32. Qxb4 cxb4 33. Kd1 $14) 32. Rh3 $6 (32. Rdg3 f6 33. Nd6 Qe6 34.
Qd2 $14) 32... f6 (32... Qf4+ 33. Qd2 Qf6 34. Qc3 Qf4+ 35. Qe3 Qf6 $11) 33.
Rxh6+ ({Weiss erzwingt somit das Dauerschach.} 33. Nxc5 $6 {wäre hingegen
übermutig, denn Schwarz nützt die geöffnete c-Linie zu Angriffszwecken:} Qf5 $1
34. Rc3 Rab8 $1 35. Nb3 (35. Qc2 Qf4+ 36. Qd2 Rb1+ $19) 35... Rgc8 $40) (33.
Nd6 Qe6 34. Rd3 c4 35. Rdd1 Qe3+ 36. Qd2 Qa3+ 37. Qb2 Qe3+ 38. Kc2 Qf2+ 39. Kc1
$11) 33... gxh6 34. Qxf6+ Kh7 35. Qf7+ Kh8 36. Qf6+ Kh7 37. Qf7+ Kh8 1/2-1/2

[Event "FRA-ch"]
[Site "Narbonne"]
[Date "1997.08.29"]
[Round "14"]
[White "Chabanon, Jean Luc"]
[Black "Bauer, Christian"]
[Result "0-1"]
[WhiteElo "2455"]
[BlackElo "2525"]
[Annotator "Petursson,M"]
[PlyCount "64"]
[EventDate "1997.08.15"]
[EventType "tourn"]
[EventRounds "15"]
[EventCountry "FRA"]
[EventCategory "9"]
[SourceTitle "CBM 061"]
[Source "ChessBase"]
[SourceDate "1997.11.23"]
[SourceVersion "1"]
[SourceVersionDate "1997.11.23"]
[SourceQuality "1"]

1. d4 Nf6 2. c4 e6 3. Nf3 b6 4. Nc3 Bb4 5. Bg5 Bxc3+ 6. bxc3 Bb7 7. Nd2 h6 8.
Bh4 d6 9. f3 Nbd7 10. e4 e5 11. Bd3 O-O 12. Nf1 (12. O-O Re8 13. Re1 Nf8 14.
Bf1 Ng6 15. Bf2 Nf4 16. g3 Ng6 17. a4 a5 18. Bg2 Bc6 19. Nf1 Kh7 20. Ne3 Ng8
21. Qb3 Rf8 22. Red1 N8e7 23. c5 bxc5 24. dxc5 f5 25. cxd6 cxd6 26. Qa3 fxe4 {
Ostojic,N-Raicevic,V/JUG-chT 1997/EXP 59/1-0 (40)}) 12... exd4 13. cxd4 c5 14.
d5 Ne5 15. Ne3 Ng6 16. Bf2 Re8 17. O-O a6 18. a4 Rb8 19. Be1 Bc8 20. Bc3 Nh5
21. g3 Bh3 22. Rf2 Nf6 23. Kh1 h5 24. Qd2 Ne5 25. Be2 Qe7 26. Qc2 {[%tqu "En",
"Can you find a very strong move to break up White pawn structure?","You
remove his f3 pawn!  But you can not take it directly!","Put the right piece
on g4 to ruin the White defensive setup!","e5g4","",20]} Neg4 27. Nxg4 (27.
fxg4 Nxe4 28. Rf3 hxg4 29. Nf5 Qg5 30. Rf4 Nxc3 31. Qxc3 Rxe2 $19) 27... hxg4
28. Bd3 gxf3 29. Rxf3 Ng4 $1 {[%csl Ge5][%cal Rg4e5]} (29... Nxe4 $2 30. Re1 f5
31. Bxe4 fxe4 32. Rf4 $11) 30. Rg1 Qg5 31. Bd2 Qh5 $17 32. Rf5 $4 (32. Rf4) {
[%tqu "En","Can you find the winning move?","If his rook on f5 did not defend
f2, you could play Ng4-f2 MATE!","Use your queen to get rid of the defender of
f2","h5f5","",12]} 32... Qxf5 0-1

[Event "Rohde op 08th"]
[Site "Sautron"]
[Date "2008.10.26"]
[Round "2"]
[White "Gagunashvili, Merab"]
[Black "Monroy, Charles"]
[Result "1-0"]
[WhiteElo "2576"]
[BlackElo "2400"]
[Annotator "Primel,D"]
[PlyCount "81"]
[EventDate "2008.10.25"]
[EventType "swiss"]
[EventRounds "9"]
[EventCountry "FRA"]
[SourceTitle "EXT 2009"]
[Source "ChessBase"]
[SourceDate "2008.11.26"]
[SourceVersion "1"]
[SourceVersionDate "2008.11.26"]
[SourceQuality "1"]

1. d4 Nf6 2. c4 e6 3. Nf3 b6 4. Nc3 Bb4 5. Bg5 {Une variante trés populaire
dans les années 80} Bb7 6. Nd2 (6. e3 {la ligne principale}) 6... h6 7. Bh4 g5
$5 {Thématique mais risqué} (7... Nc6 $142 $1 8. a3 (8. e3 Ne7 9. f3 Nf5 $132 {
[%cal Gf5e3,Gf5h4]} 10. Bf2 c5) 8... Bxc3 9. bxc3 Qe7 10. e3 g5 11. Bg3 d6 12.
h4 O-O-O 13. Be2 Nd7 14. Nb3 f5 15. Qc2 Rhf8 16. f3 e5 17. hxg5 hxg5 18. O-O-O
Rde8 19. Bd3 Qf7 20. Rh6 Ba6 21. Nd2 exd4 22. exd4 {Bacrot,E (2705)-Carlsen,M 
(2765)/Baku 2008/CB20/0-1 (62)}) (7... c5 8. d5 $5 Bxc3 9. bxc3 d6 10. e4 {
Sakaev,K (2677)-Adams,M (2741) FRA-chT Top 16 GpA 2005 (1) 1/2}) 8. Bg3 Nc6 $1
(8... Bxc3 9. bxc3 d6) (8... Nh5 9. Be5 f6 10. e4) 9. e3 d6 $146 ({RR} 9... Ne7
10. f3 Nf5 11. Bf2 Bxc3 12. bxc3 d5 13. Bd3 Qd7 14. cxd5 Nxd5 15. e4 Nf4 16.
Bf1 Nd6 17. a4 f6 18. Qb3 e5 19. h4 g4 20. a5 O-O-O 21. g3 Ne6 22. d5 Ng7 23.
c4 gxf3 24. c5 {Jianu,V (2487)-Monroy,C (2345)/France 2005/EXT 2006/1-0 (39)})
10. Qc2 Qe7 11. d5 Bxc3 12. Qxc3 Ne5 (12... e5 13. h4 {[%cal Gh1h8]}) 13. h4 $1
Rg8 14. hxg5 hxg5 15. e4 c6 $6 (15... Ng6 $11 {[%cal Gg6f4]}) 16. c5 $1 bxc5
17. Bxe5 $1 dxe5 18. dxe6 Qxe6 {[%csl Rc5,Rc6]} 19. Qxc5 Nd7 20. Qa5 {[%csl
Rd8,Re8]} Nb6 21. Nb3 {[%cal Gb3c5,Gc5b7,Gc5e6]} Qe7 22. O-O-O $40 c5 23. f3 c4
(23... Kf8 $142 24. Rh7 Rg7) 24. Qb5+ Kf8 25. Nc5 Bc8 (25... c3) 26. Bxc4 Nxc4
27. Qxc4 Kg7 28. Rh5 a5 29. Kb1 Ra7 30. Qc1 Kf6 31. Na4 Be6 32. g3 Rc7 33. Nc3
Qb4 $2 (33... Rcc8) 34. Rh6+ $2 $138 (34. Nd5+ Bxd5 35. Qxc7) 34... Rg6 35. Rh8
Bxa2+ 36. Kxa2 Rxc3 37. bxc3 Qc4+ 38. Ka1 Qa4+ 39. Kb2 Qb5+ 40. Kc2 Kg7 41.
Rdd8 1-0